| 000 | 00000nas##2200000za#4500 |
| 001 | 9.506808 |
| 003 | CaOODSP |
| 005 | 20210305151626 |
| 007 | cr ||||||||||| |
| 008 | 150406c2011||||xxc|| m o||||f| |0eng|d |
| 040 | |aCaOODSP|beng |
| 043 | |an-cn--- |
| 086 | 1 |aXC71-1/1E-PDF |
| 110 | 1 |aCanada. |bParliament. |bHouse of Commons. |bStanding Committee on the Status of Women. |
| 245 | 10|aReport of the Standing Committee on the Status of Women |h[electronic resource] |
| 260 | |aOttawa - Ontario : |bHouse of Commons. |
| 310 | |aIrregular |
| 690 | 07|aStatus of women|2gcpds |
| 775 | 08|tRapport du Comité permanent de la condition féminine / |w(CaOODSP)9.503203 |
| 776 | 0#|tReport of the Standing Committee on the Status of Women / |w(CaOODSP)9.512336 |
| 776 | 0#|tRapport du Comité permanent de la condition féminine / |w(CaOODSP)9.512337 |